| 000 | 00522nam a2200205Ia 4500 | ||
|---|---|---|---|
| 008 | 170918s9999 xx 000 0 und d | ||
| 020 | _a9780439341134 | ||
| 050 | _bH551 2001 | ||
| 100 | _aHerman, Gail | ||
| 245 | _aValentine's day dognapping / | ||
| 245 | _cby Gail Herman ; illustrated by Duendes Del Sur. | ||
| 260 | _aNew York : | ||
| 260 | _bScholastic, | ||
| 260 | _c2001 | ||
| 300 | _a32 pages : | ||
| 300 | _bcolored illustration ; | ||
| 300 | _c23cm. | ||
| 300 | _eReaders level 2. | ||
| 500 | _a130 | ||
| 999 |
_c343243 _d343243 |
||